000 00868nam a22001937a 4500
999 _c60347
_d60347
003 Ge_BSU
005 20230630172344.0
008 230630s1996 ge ||||| |||| 00| 0 geo d
041 _ageo
080 _a32.001 ა-81
100 _aარისტოტელე
_911894
245 _aპოლიტიკა. ნაწ. 2 /
_cარისტოტელე ; ძვ. ბერძნ. თარგმნა, შესავ. წერილი და განმარტებები დაურთო თამარ კუკავამ.
264 _aთბილისი,
_b''სამშობლო'',
_c1996.
300 _a120 გვ.;
_b20 სმ.
653 _aპოლიტოლოგია
653 _aსახელმწიფო
700 _aკუკავა, თამარ
_eმთარგმნელი
_910261
942 _2udc
_cBK